| 000 | 00684cam a2200217 a 4500 | ||
|---|---|---|---|
| 001 | 000008012 | ||
| 005 | 20200929154407.0 | ||
| 008 | 890809s1989 sp 000 f spa | ||
| 020 | _a8476390939 | ||
| 040 |
_aDO-SdBNP _cDLC _dDLC |
||
| 082 |
_a863.64 _bL358t |
||
| 100 | 1 |
_aLatorre, José María, _d1945- _921901 |
|
| 245 | 1 | 4 |
_aLas trece campanadas / _cJosé María Latorre. |
| 260 |
_aBarcelona : _bMontesinos, _c1989. |
||
| 300 |
_a187 p. ; _c20 cm. |
||
| 490 | 1 |
_aVisio Tundali / Contemporaneos _v121 |
|
| 650 | 4 |
_aNovela española _91123 |
|
| 650 | 4 |
_aLiteratura española _9632 |
|
| 830 | 0 |
_aVisio Tundali / Contemporaneos ; _v121 _921902 |
|
| 910 | _aCatalogación por copia / LC | ||
| 999 |
_c7789 _d7789 |
||